01272nam a2200385Ia 4500001000700000003000500007008004100012010001100053020001800064040000900082082001700091245010800108260003200216300001500248503002100263504003800284650004600322650003800368650003300406650003700439650003900476650003900515650003000554650003000584650003500614700003900649700003600688901001700724902000600741910000900747942000600756942000700762999001900769952009800788Z_2489CHAP220113s1994 xx 000 0 und d a165546 a0-85199-881-4 cCHAP a636.0852 A45 aAmino acids in farm animal nutrition /ceditor J. P. F. D'Mello; colaboradores Baker, D. H.... [et al] a:bCAB International,c1994 axi, 418 p. aej.1: fotocopias aIncluye bibliografía e índice aAminoácidos en nutrición animal95342 aAves de corralxNutrición98672 aBecerrosxNutrición911184 aGanado lanarxNutrición945205 aGanado lecheroxNutrición945281 aGanado porcinoxNutrición945390 aNutrición animal982275 aPecesxNutrición986457 aRumiantesxNutrición9100847 a Baker, D. H., colaborador9139463 aD'Mello, J. P. F., ed. 9139464 a636.0852 A45 aM a1994 c1 cc1 c165546d165546 00102ddc40708GRALaZbZc1d2005-11-09pz_3067r2022-01-18 00:00:00t1w2022-01-18yLIBRO